Kihirdették a művészeti fesztivál eredményeit kiemelt arany fokozatban részesült a Szegedi Egyetemi Színpad

Elmentve itt :
Bibliográfiai részletek
Dokumentumtípus: Cikk
Megjelent: 1966-04-08
Sorozat:Délmagyarország 56 No. 83
Kulcsszavak:Művészeti élet fesztivál Szeged 1966, Országos Egyetemi és Főiskolai Művészeti Fesztivál Egyetemi Színpad
Online Access:http://dmarchiv.bibl.u-szeged.hu/55646
LEADER 00590nab a2200145 i 4500
001 delm55646
005 20180927141848.0
008 180927s1966 hu o 0|| hun d
040 |a SZTE Délmagyarország Archívum  |b hun 
041 |a hun 
245 0 0 |a Kihirdették a művészeti fesztivál eredményeit   |h [elektronikus dokumentum] :  |b kiemelt arany fokozatban részesült a Szegedi Egyetemi Színpad 
260 |c 1966-04-08 
300 |a 5 
490 0 |a Délmagyarország  |v 56 No. 83 
695 |a Művészeti élet fesztivál Szeged 1966, Országos Egyetemi és Főiskolai Művészeti Fesztivál Egyetemi Színpad